000 00907nas a2200301 4500
001 BR2019000773
003 BR-BrBNA
005 20231205131638.0
007 ta
008 230509b bl.|||p| |||| 00| 00por d
040 _aBR-BrBNA
_bpor
_cBiblioteca Nacional de Agricultura
041 _a(Pt)
072 _aF30
100 1 _aAragão, W.M.
100 1 _aCosta, A.S. da
100 1 _aSantos, H.C.A.C.
100 1 _aPedroso, G.T.
245 1 _aFlorescimento, produção e composição morfológica de frutos de cultivares de coqueiro
650 _aCOCO
650 _aVARIEDADE
650 _aHÍBRIDO
650 _aSELEÇÃO
650 _aMELHORAMENTO GENÉTICO VEGETAL
773 0 _tAgrotrópica (Brazil)
_xISSN 0103-3816
_g(Sep-Dec 2002), v. 14(3) p. 151-158
_wBR2019000773
856 4 0 _dLink DSPACE/MAPA BR2019000773
909 _a202311
_bLúcia
_c55
_dLúcia Elande
942 _2AGRIS
_n0
_cANA
999 _c255894
_d255894